000 00377nam a2200145Ia 4500
008 150201s2006 xx 000 0 und d
082 _a612.015
_bB2006H
100 _aHARBANS LAL
245 _aBIOCHEMISTRY FOR B.SC NURSING STUDENTS
250 _a1ST
260 _bC.B.S PUBLISHERS & DISTRIBUTERS
_aDELHI
_c2006
300 _a1-267
650 _aBIOCHEMISTRY
942 _2ddc
_cBK
999 _c4067
_d4067